Poësies mêlées, &c. (Record no. 167786)

MARC details
000 -LEADER
campo de control de longitud fija 00536nam a2200181 i 4500
001 - NÚMERO DE CONTROL
campo de control 167786
003 - IDENTIFICADOR DE NÚMERO DE CONTROL
campo de control ES-MaACL
005 - FECHA Y HORA DE LA ÚLTIMA TRANSACCIÓN
campo de control 20250716063330.0
008 - DATOS DE LONGITUD FIJA--INFORMACIÓN GENERAL
campo de control de longitud fija 050928m17711774sz | |||||||| ||fre d
040 ## - FUENTE DE CATALOGACIÓN
Centro catalogador/agencia de origen CAM
Lengua de catalogación spa
Centro/agencia transcriptor CAM
100 0# - ENTRADA PRINCIPAL--NOMBRE DE PERSONA
Nombre de persona Voltaire,
Fechas asociadas al nombre 1694-1778
9 (RLIN) 115721
245 10 - MENCIÓN DEL TÍTULO
Título Poësies mêlées, &c.
260 ## - PUBLICACIÓN, DISTRIBUCIÓN, ETC.
Lugar de publicación, distribución, etc. Geneve :
Nombre del editor, distribuidor, etc. [s.n.],
Fecha de publicación, distribución, etc. 1771-1774.
300 ## - DESCRIPCIÓN FÍSICA
Extensión 3 v. ;
Dimensiones 26 cm.
594 ## - Nota al título y mención de responsabilidad
Nota al título y mención de responsabilidad Autor tomado de BN-Opale plus.
852 ## - LOCALIZACIÓN
Ubicación ES-MaACL
Número de control de estantería R-762-64
Nota libre -- Enc. hol.
Encuadernación Olim: G-6602-4
Holdings
Estatus retirado Estado de pérdida Estado de daño No para préstamo Colección Biblioteca de origen Biblioteca actual Ubicación en estantería Fecha de adquisición Total de préstamos Signatura topográfica completa Código de barras Visto por última vez Precio de reemplazo Tipo de ítem Koha
        Libros del s. XVIII Biblioteca del Ateneo de Madrid Biblioteca del Ateneo de Madrid Depósito 17/01/2008   R-762-64 1176024 23/02/2023 23/02/2023 Libro impreso antiguo